Statistiques concernant Pays îles

Cliquez ici pour prendre le quiz!

Statistiques générales

  • Ce quiz a été pris 429 fois
    (362 depuis la dernière actualisation)
  • Le résultat moyen est 38 sur 48

Statistiques - réponses

Superficie (km2)Réponse% Correct
7 692 060Australie
97%
377 930Japon
93%
270 479Nouvelle-Zélande
93%
1 910 931Indonésie
92%
587 041Madagascar
92%
109 886Cuba
90%
316Malte
88%
27 750Haïti
87%
103 000Islande
87%
452Seychelles
87%
4 033Cap-Vert
86%
300 000Philippines
86%
242 900Royaume-Uni
86%
65 610Sri Lanka
86%
9 251Chypre
85%
18 272Fidji
85%
48 671République dominicaine
83%
539Sainte-Lucie
83%
10 991Jamaïque
81%
2 040Maurice
81%
70 273Irlande
80%
261Saint-Christophe-et-Niévès
80%
389Saint-Vincent-et-les-Grenadines
80%
2 236Comores
79%
2 842Samoa
79%
36 191Taïwan
79%
181Îles Marshall
78%
747Tonga
78%
12 189Vanuatu
78%
751Dominique
77%
702Micronésie
77%
28 896Salomon
77%
26Tuvalu
77%
21Nauru
76%
964Sao Tomé-et-Principe
76%
300Maldives
75%
462 840Papouasie-Nouvelle-Guinée
75%
13 943Bahamas
74%
430Barbade
74%
726Kiribati
74%
5 130Trinité-et-Tobago
74%
442Antigua-et-Barbuda
72%
344Grenade
72%
459Palaos
69%
710Singapour
59%
14 874Timor oriental
51%
5 765Brunei
47%
758Bahreïn
40%

Distribution des résultats

Percentile par nombre de réponses

% des personnes avec chaque résultat

Votre développement - résultats

Vous n’avez pas pris ce quiz depuis la dernière actualisation